000 01385nam a2200253Ii 4500
003 JO-AjNU
005 20240625131550.0
008 230605s9999||||xx |||||||||||||| ||und||
040 _aJO-AjNU
_bara
_erda
_cJO-AjNU
041 _aara
050 1 4 _aHD30.2 2022
100 1 _aالصمادي، حمزه عاطف عبدالرحمن
_eمعد
_965662
245 0 0 _aأثر إدارة المعرفة على جودة التقارير المالية، وظائف نظام المعلومات المحاسبية كمتغير وسيط =The impact of Knowledge Management on The Quality of Financial Reports,and the Functions of the Accounting Information System as an Modified Variable /
_cاعداد حمزه عاطف عبدالرحمن الصمادي؛ اشراف علي عبدالله الزعبي، قدري شكري
264 3 1 _a 2022
300 _a114 ورقة
336 _atext
_btxt
_2rdacontent
337 _aunmediated
_bn
_2rdamedia
338 _avolume
_bnc
_2rdacarrier
500 _aرسالة جامعية(اطروحة ماجستير) تخصص المحاسبة /كلية الاعمال، جامعة عجلون الوطنية، 2022
650 4 _aادارة المعرفة- نظم المعلومات
_963377
700 1 _aالزعبي، علي عبدالله
_965219
_eمشرف
700 1 _aالشكري، قدري سليمان
_964918
_eمشرف مساعد
942 _2lcc
_cTHS
999 _c32311
_d32311